Statistics for Guess the Taylor Swift Song (no hints) 110

Click here to take the quiz!

General Stats

  • This quiz has been taken 31 times
  • The average score is 262 of 307

Answer Stats

Answer% Correct
I
100%
I,
100%
the
100%
And
96%
and
96%
be
96%
It
96%
it
96%
on
96%
one
96%
You
96%
you
96%
by
93%
have
93%
If
93%
if
93%
In
93%
in
93%
it's
93%
me,
93%
me
93%
my
93%
"no"
93%
so?
93%
some
93%
to
93%
your
93%
you're
93%
been
89%
Been
89%
don't
89%
had
89%
know
89%
know,
89%
we
89%
We
89%
were
89%
Would
89%
all
86%
are
86%
But
86%
For
86%
fun
86%
I'm
86%
now
86%
thing
86%
think
86%
this
86%
time
86%
ask
82%
at
82%
didn't
82%
different
82%
everything
82%
never
82%
new
82%
of
82%
saw
82%
true
82%
up
82%
would've
82%
alone
79%
alright
79%
another
79%
came
79%
could've
79%
day
79%
good,
79%
her
79%
instead
79%
loves
79%
night
79%
none
79%
over
79%
pool
79%
really
79%
resist
79%
saying
79%
shit
79%
should've
79%
something,
79%
sweet
79%
though
79%
thought
79%
today?
79%
wanted
79%
wishes
79%
"yes"
79%
bleed,
75%
bus
75%
defense,
75%
doing
75%
dream
75%
gonna
75%
greatest
75%
grow
75%
guess
75%
home
75%
meet
75%
pennies
75%
stop,
75%
waking
75%
with
75%
woman
75%
adventures
71%
baby
71%
cool
71%
count
71%
each
71%
enough
71%
films
71%
Having
71%
internet
71%
leaving
71%
made
71%
making
71%
numbers,
71%
(Ooh)
71%
own
71%
persist
71%
take
71%
temptation
71%
well
71%
family
68%
showed
68%
tossing
68%
20s,
64%
chosen
64%
ground
64%
hit
64%
painted
64%
Roaring
64%
running
64%
Sunday
64%
digging
61%
grave
61%
matinée
61%
flowing
57%
Rosé
57%

Score Distribution

Percentile by Number Answered

Percent of People with Each Score

Your Score History

You have not taken this quiz